banner-ar

RETURN TO KANSAS / (Record no. 6971)

MARC details
000 -الفاتح
حقل البيانات ثابتة الطول 00597nam a2200229Ia 4500
008 - عناصر البيانات ثابتة الطول - معلومات عامة
حقل البيانات ثابتة الطول 140319s9999 xx 000 0 eng d
020 ## - الرقم الدولى المعيارى للكتب
الرقم الدولى المعيارى للكتاب 070060262
040 ## - مصدر الفهرسة
وكالة الفهرسة الأصلية GCL /
وكالة النسخ GCL
082 04 - رقم تصنيف ديوى العشرى
رقم التصنيف 959
رقم المادة H R
100 1# - المدخل الرئيسى - إسم شخصى
الإسم الشخصى HAMIL, J.R
245 10 - بيان العنوان
العنوان RETURN TO KANSAS /
بيان المسئوليه,etc HAMIL, J.R
700 1# - المدخل الاضافى - اسم شخصى
الإسم الشخصى HAMIL, SHARON
260 ## - PUBLICATION, DISTRIBUTION, ETC. (IMPRINT)
تاريخ النشر أو التوزيع 1984
300 ## - الوصف المادى
التعداد 105 P
تفاصيل ماديه اخرى للوعاء ILL. ؛
أبعاد الوعاء 25X35 cm.
650 04 - المدخل الاضافى بالموضوع-مصطلح موضوعى
مصطلح موضوعي UNITED STATES
650 04 - المدخل الاضافى بالموضوع-مصطلح موضوعى
مصطلح موضوعي PAINTING
650 04 - المدخل الاضافى بالموضوع-مصطلح موضوعى
مصطلح موضوعي PAINTERS - BIOGRAPHY
650 04 - المدخل الاضافى بالموضوع-مصطلح موضوعى
مصطلح موضوعي KANSAS
650 04 - المدخل الاضافى بالموضوع-مصطلح موضوعى
مصطلح موضوعي KANSAS - DESCRIPTION AND TRAVEL
942 ## - عناصر المدخل الإضافي( كوها)
مصدر التصنيف او مخطط الترفيف Dewey Decimal Classification
Koha [default] item type كتاب
260 ## - PUBLICATION, DISTRIBUTION, ETC. (IMPRINT)
-- نيويورك :
-- SOUTHWIND PRESS ،
Holdings
حالة التراجع حالة الفقد حالة تلف ليس للاعارة المكان المؤقت الموقع الحالى تاريخ الاكتساب اجمالي اﻻعارات رقم الطلب الباركود تاريخ اخر مشاهدة تاريخ تفعيل السعر نوع وعاء كوها
        مكتبة القاهرة الكبرى مكتبة القاهرة الكبرى 03/26/2014   959\H R 14574 03/26/2014 03/26/2014 كتاب
        مكتبة القاهرة الكبرى مكتبة القاهرة الكبرى 03/26/2014   959\H R 14575 03/26/2014 03/26/2014 كتاب
        مكتبة القاهرة الكبرى مكتبة القاهرة الكبرى 03/26/2014   959\H R 14576 03/26/2014 03/26/2014 كتاب

Powered By

EGPV